[Event "RUS-chT"]
[Site "Dagomys"]
[Date "2008.04.05"]
[Round "4"]
[White "Gashimov, Vugar"]
[Black "Morozevich, Alexander"]
[Result "0-1"]
[WhiteElo "2679"]
[BlackElo "2774"]
[Annotator "Kritz,L"]
[PlyCount "108"]
[EventDate "2008.04.02"]
[EventType "team"]
[EventRounds "11"]
[EventCountry "RUS"]
[SourceTitle "CBM 124"]
[Source "ChessBase"]
[SourceDate "2008.05.28"]
[SourceVersion "1"]
[SourceVersionDate "2008.05.28"]
[SourceQuality "1"]
[WhiteTeam "Buryatia Shatar"]
[BlackTeam "Tomsk 400"]
[WhiteTeamCountry "RUS"]
[BlackTeamCountry "RUS"]

1. e4 c5 2. Nf3 e6 3. d4 cxd4 4. Nxd4 Nc6 5. Nc3 Qc7 6. Be3 a6 7. Qd2 (7. Bd3
Nf6 8. O-O Nxd4 $5 {Dies ist der am dritthaeufigsten gespielter Zug, aber,
meiner Meinung nach, der beste.} 9. Bxd4 Bc5 10. Bxc5 Qxc5 11. Kh1 (11. Na4 Qc7
12. c4 d6 13. Nc3 b6 $132 {Ein Igel bei dem 2 Leichtfiguren getauscht sind,
gilt normalerweise als gut fuer Weiss, doch aufgrund des schlechten weissen
Laeufers hat Schwarz genuegendes Gegenspiel.}) 11... e5 12. f4 d6 $132 {
Schwarz hat keine Schwierigkeiten, weisser Laeufer auf d3 kommt kaum zum Spiel.
}) (7. Be2 {Ist die alte Hauptvariante, die zuletzt wegen dem Plan mit der
langen Rochade etwas in den Schatten geraten ist. Trotzdem empfehlenswert!} Nf6
8. O-O Bb4 9. Na4 $1 {Hier faengt erst die Theorie an, die vorkommenden
Stellungen sind sehr interessant und gut spielbar fuer beide Seiten.}) (7. g3 {
Eine eher seltene Fortsetzung.} Nf6 8. Bg2 Bb4 (8... Bc5 $2 9. Nxe6 $1 $18) 9.
O-O Ne5 (9... Bxc3 10. bxc3 Ne5 11. Bf4 d6 $132) 10. Nde2 O-O 11. a3 Be7 12. h3
d6 $132) 7... Nf6 8. O-O-O Be7 $5 {Ein seltener Zug. Normalerweise spielt man
hier 8....Bb4, um frueher oder spaeter den Zug a3 zu erzwingen und damit den
weissen Koenig zu schwaechen, und erst dann geht der Laeufer zurueck nach e7.}
(8... Bb4 9. f3 {Das ist die Tabia der Variante mit der langen Rochade.} Ne5 {
Mit Abstand der populaerste Zug heute.} 10. Nb3 b5 (10... Bxc3 11. Qxc3 Qxc3
12. bxc3 d5 13. Bd4 Nc6 14. Bxf6 gxf6 15. exd5 exd5 16. Rxd5 $16) 11. Qe1 (11.
Kb1 {Ist eine Alternative, allerdings ist Schwarz danach in Ordnung.} Nc4 12.
Bxc4 bxc4 13. Nc1 Rb8 $132) 11... Be7 $13 {Die theoretischen Varianten sind
hier lang und reichen bis zu dem Endspiel.}) (8... b5 {Ist eine Alternative,
die allerdings keinen guten Ruf hat, und das zurecht.} 9. Bf4 Qb6 ({Huebsch
ist die Widerlegung von} 9... e5 10. Nxc6 exf4 (10... dxc6 $2 11. Bxe5 $18) 11.
e5 $1 {Nur so! Sonst bekommt Schwarz gutes Spiel:} (11. Nd4 Bb4 12. f3 O-O 13.
Nde2 d5 $1 14. exd5 Bd6 $44) 11... dxc6 12. exf6 Be6 13. Ne4 Bd5 14. c4 $3 Bxe4
(14... bxc4 15. Bxc4 Bxc4 16. Qc3 $1 g6 17. Qxc4 $18) 15. Qd4 gxf6 (15... Bg6
16. Re1+ $18) 16. Qxe4+ Be7 17. g3 $16) 10. Nxc6 (10. Nb3 $5 Ng4 11. h3 Nge5 (
11... Nxf2 12. Be3 $18) 12. Kb1 d6 13. Be3 Qb7 14. Ka1 $1 {Wichtige Profylaxe!}
(14. f4 Nc4 15. Bxc4 bxc4 16. Nd4 Rb8 $132) 14... Rb8 15. Nd4 Bd7 (15... Nc4
16. Bxc4 bxc4 17. Rb1 $1 $14 {Es ist wichtig, dass Weiss kein b3 spielt!}) 16.
f4 Nc4 17. Bxc4 bxc4 18. Rb1 Be7 19. g4 O-O 20. Nde2 $14 {Anand - Oral 
(Eppingen, 2005)}) 10... dxc6 11. Bd3 {Das ist wohl der sicherste Weg, einen
sehr stabilen und sicheren Vorteil zu erlangen.} (11. e5 {ist aggressiver, aus
praktischer Sicht aber nicht staerker} Nd5 12. Ne4 Ra7 13. h4 Rd7 14. Bg3 c5
15. h5 h6 16. Rh4 c4 17. Nd6+ Bxd6 18. exd6 O-O 19. Rg4 f5 20. Qxh6 fxg4 21.
Qxe6+ Rdf7 22. Qxd5 $36 {Shirov - Movsesian (Sarajevo, 2005)}) 11... Be7 12. e5
Nd5 13. Nxd5 cxd5 14. Be3 Qc7 15. f4 b4 16. Rhf1 a5 17. f5 $14 {Navara -
Movsesian (Prague, 2005)}) 9. f3 O-O (9... b5 10. g4 d6 (10... O-O {->fuehrt
zur Zugumstellung}) 11. g5 Nd7 12. Nxc6 $1 {Solange Schwarz mit der Dame
zurucknehmen muss, nutzt Weiss die Gelegenheit, seinen c3 Springer ins Zentrum
ueberzufuehren.} Qxc6 13. Ne2 Bb7 14. h4 Ne5 15. Nd4 Qc7 16. h5 Rc8 17. Rh3 $1
$14) 10. g4 b5 {Beide Seiten beschaeftigen sich mit ihren eigenen Plaenen.} ({
Nach} 10... d6 11. g5 Nd7 {entsteht theoretische Stellung aus Najdorf mit Nc6.}
12. h4 Nxd4 13. Bxd4 b5 14. Kb1 $14 {Weisse Perspektiven sind etwas besser,
denn seine Bauern am Koenigsfluegel schon weit vorgedrungen sind.}) 11. g5 Ne8
12. Nxc6 $6 {In dieser Redaktion scheint mir der Tausch auf c6 ziemlich
komisch. Man haette einfach weiter am Koenigsfluegel spielen koennen.} (12. h4
$1 Bb7 13. h5 Nxd4 14. Qxd4 {Das Nehmen mit der Dame ist besser, weil dadurch
erstens das Feld g7 gefaehrlicher angegriffen wird, und zweitens die Option
Qb6 und das daraus resultierende Endspiel wieder aktuell wird.} (14. Bxd4 Rc8
15. Kb1 b4 16. Na4 Bxg5 17. Qg2 h6 18. Bd3 d6 19. Rhg1 e5 $15 {Gelfand -
Karpov (Tallinn, 2005)}) 14... b4 15. Na4 Rc8 16. Bd3 Qa5 17. Qb6 $1 Qxa4 (
17... Qxb6 18. Nxb6 Rc7 19. Be2 d6 20. h6 g6 21. Nc4 $16 {/\Na5}) 18. Qxb7 Nc7
(18... Nd6 19. Qxa6 Qxa6 20. Bxa6 Ra8 21. Bd3 Rxa2 22. h6 g6 23. e5 Nf5 24.
Bxf5 gxf5 25. Rh4 $14 {Weiss ist besser, weil der schwarze Koenig sehr passiv
ist.}) 19. Bc4 Qa5 20. Rxd7 Bxg5 21. f4 $18 {Motylev - Korneev (Dresden, 2007)}
) (12. Bf4 $5 Ne5 13. Bxe5 Qxe5 14. f4 Qc7 15. e5 {Die Idee des weissen
Unternehmens ist es, gegen den Springer e8 zu spielen. Doch diese Strategie
ist ziemlich gefaehrlich, denn sollte der Springer das Feld e8 schadenlos
verlassen, wird sich die Abwesenheit des schwarzfeldrigen Laeufers bemerkbar
machen.} d6 (15... b4 $5 16. Ne4 Bb7 17. Bg2 d5 18. Ng3 Bc5 19. h4 $14) 16. Bg2
Bb7 17. Rhe1 (17. Bxb7 Qxb7 18. a3 dxe5 19. fxe5 Nc7 $15) 17... b4 18. Ne4 Kh8
$1 {Profylaxe gegen Nf6.} (18... Bxe4 $6 19. Bxe4 d5 20. Bf3 Bc5 21. f5 $16)
19. Nf3 (19. Ng3 dxe5 20. Bxb7 Qxb7 21. fxe5 Nc7 $132) 19... Rd8 20. Qe2 Bd5
21. Kb1 a5 $15 {Motylev - Morozevich (Lugo, 2007) Man sieht dass die weisse
Strategie nicht aufgegangen ist.}) 12... dxc6 (12... Qxc6 13. h4 Nd6 14. Bf4 b4
(14... Nc4 15. Bxc4 Qxc4 16. Bd6 $16) 15. Ne2 (15. Bxd6 bxc3 16. Qxc3 $4 Bxd6
17. Qxc6 Bf4+ 18. Kb1 dxc6 $19) 15... Nc4 16. Nd4 $1 Qc5 (16... Nxd2 17. Nxc6
dxc6 18. Rxd2 Bc5 19. Rd3 $1 (19. Bd6 $2 Be3 20. Bxf8 Kxf8 21. Kd1 Bxd2 22.
Kxd2 e5 23. Bc4 Ke7 $11) 19... a5 20. Bd6 Bxd6 21. Rxd6 $16) 17. Qh2 a5 18. h5
$40) 13. f4 {Dieser Zug schwaecht das Feld e4. Der Plan mit f5 klappt nicht
und Weiss wird ausgetrickst.} (13. h4 e5 14. h5 Be6 15. Qh2 Rd8 16. Rxd8 Bxd8
$11 {und Schwarz kann sich verteidigen.}) 13... Nd6 $1 14. Qd4 (14. Bd3 c5 15.
e5 Nc4 16. Bxc4 bxc4 17. Qe2 Rb8 (17... Bb7 $2 {Dadurch wird nur die B-Linie
versperrt.} 18. Rhf1 $14) 18. Qxc4 Rb4 19. Qd3 Bb7 20. Rhf1 Rd8 21. Qe2 Rb8 $44
{Weiss hat den Bauer, aber ueberhaupt kein Spiel mehr. Dafuer hat Schwarz
Kompensation durch seinen weissfeldrigen Laeufer und die B-Linie.}) 14... Nb7
15. Qb6 $2 {Gibt Schwarz sofort die Chance zum Ueberspielen. Besser waere 15.
e5 oder 15.h4} (15. e5 $5 Nc5 (15... Rd8 16. Qb6 Rxd1+ 17. Kxd1 Qxb6 (17...
Qd7+ 18. Kc1 Bd8 19. Qd4 Qxd4 20. Bxd4 Be7 21. Bg2 Bd7 22. Rd1 Be8 23. Bb6 Nc5
$11 24. Ne4 $16) 18. Bxb6 Nc5 19. Bg2 Rb8 $1 20. Bxc5 Bxc5 21. Bxc6 Rb6 22. Bg2
Bd7 $14) 16. Ne4 Nxe4 17. Qxe4 Bb7 18. Bd3 (18. Bg2 Rab8 $11) 18... g6 19. Qg2
c5 20. Be4 Bxe4 21. Qxe4 c4 $11) (15. h4 c5 $1 16. Qe5 Bd6 (16... Qxe5 17. fxe5
$13) 17. Rxd6 Qxd6 18. Qxd6 Nxd6 19. Bxc5 Rd8 20. Bd3 $44) 15... Qxb6 16. Bxb6
e5 $1 {Weiss kann weder nehmen, noch f5 spielen, weil der Bauer auf g5 haengt.
Mit dem besseren Bauernstruktur kommt Schwarz nach wenigen Zuegen leicht zum
Vorteil.} 17. Be3 exf4 18. Bxf4 Nc5 19. Rg1 (19. Bd6 Bxd6 20. Rxd6 Bb7 $1 21.
Bg2 b4 22. Ne2 Rfe8 $15) 19... Bb7 20. Be3 Rad8 21. Bg2 Ne6 $15 {Schwarz steht
einwenig besser. Der isolierte e4 Bauer und der sehr weit nach vorne
gerueckter Bauer g5 sind schwach und koennen im Endspiel Ziele der schwarzen
Angriffe werden. Weiss hat seinerseits kein vollwertiges Gegenspiel.} 22. h4 f6
23. Rxd8 Bxd8 24. Bh3 Bc8 25. Bg4 fxg5 26. hxg5 Bc7 27. Ne2 Re8 28. Kd2 Bb7 29.
Nc1 c5 30. Nd3 c4 31. Bxe6+ Rxe6 32. Nc5 Rd6+ 33. Ke2 Bc8 34. c3 Rc6 35. b4
cxb3 36. axb3 a5 37. Kd3 Bd6 38. b4 Bxc5 39. Bxc5 Be6 40. Kc2 a4 41. Rf1 h6 42.
gxh6 gxh6 43. Rf8+ Kg7 44. Ra8 Kg6 45. Kd3 Bc4+ 46. Ke3 Rf6 47. e5 Rf1 48. Ra6+
Kf5 49. Rxh6 Re1+ 50. Kf2 Re2+ 51. Kf3 a3 52. Be3 a2 53. Bf4 Rf2+ 54. Kxf2 a1=Q
0-1

[Event "EU-ch 7th"]
[Site "Kusadasi"]
[Date "2006.04.05"]
[Round "2"]
[White "Izoria, Zviad"]
[Black "Gagunashvili, Merab"]
[Result "1-0"]
[WhiteElo "2652"]
[BlackElo "2542"]
[Annotator "Kritz,L"]
[PlyCount "101"]
[EventDate "2006.04.04"]
[EventType "swiss"]
[EventRounds "13"]
[EventCountry "TUR"]
[SourceTitle "CBM 113"]
[Source "ChessBase"]
[SourceDate "2006.07.31"]
[SourceVersion "1"]
[SourceVersionDate "2006.07.31"]
[SourceQuality "1"]

1. e4 c5 2. Nf3 e6 3. d4 cxd4 4. Nxd4 Nc6 5. Nc3 Qc7 {Paulsen in seiner
reinster Form. Heute wird sehr oft die Fortsetzung 5....a6 gewählt.} (5... a6 {
Die Idee dieses Zuges ist die Variante mit der langen Rochade zu vermeiden.} 6.
Nxc6 (6. Be3 Nf6 7. Qd2 (7. Bd3 Qc7 8. O-O Nxd4 9. Bxd4 Bc5 10. Bxc5 Qxc5 11.
Kh1 d6 12. f4 e5 $11) 7... Bb4 8. f3 d5 9. a3 Qa5 $13) 6... bxc6 7. Bd3 d5 8.
O-O Nf6 $132 {Für den kleinen Entwicklungsnachteil hat Schwarz ein sehr
solides Zentrum. Die Stellung bietet gute Chancen für beide Seiten.}) 6. Be3
Nf6 {Dieser Zug wird seltener gespielt als 6....a6. Die Ursache dafür ist wohl,
dass Schwarz sich nicht auf ein kompliziertes Spiel nach 7.Ndb5 einlassen
möchte.} (6... a6 7. Qd2 $5 {Die aktuellste Variante} (7. Be2 Nf6 8. O-O {
führt zu den alten klassischen Scheweningen bzw. nach 8....Bb4 Paulsen
Stellungen}) 7... Nf6 8. O-O-O Bb4 9. f3 Ne5 (9... Ne7 10. Nde2 d5 $13) 10. Nb3
b5 11. Kb1 Be7 12. Qf2 d6 $132) 7. f4 $5 (7. Ndb5 {Gilt eigentlich als
unangenehm für Schwarz.} Qb8 8. f4 d6 (8... a6 9. e5 axb5 10. exf6 gxf6 (10...
b4 11. Nb5 b6 (11... gxf6 12. Bb6 $16) 12. Qd2 gxf6 13. Qf2 Na7 14. Nxa7 Qxa7
15. Bxb6 Qa4 16. Bd3 Bb7 17. O-O Rg8 18. g3 $14) 11. Nxb5 d5 12. Be2 Bd7 13.
O-O $14 {Der weiße Springer b5 erledigt Schwarz - dagegen ist kein Kraut
gewachsen.}) 9. Qd2 $1 a6 (9... Be7 10. O-O-O $16) 10. Nd4 Be7 11. O-O-O O-O
12. Kb1 Bd7 13. Bd3 b5 14. Nf3 $14) 7... Bb4 (7... Nxd4 $5 8. Qxd4 Ng4 9. Bd2 (
9. Bg1 Qxf4 10. e5 Qxd4 11. Bxd4 a6 12. Be2 Nh6 13. Bd3 Be7 14. O-O $44 {/\Na4}
) 9... Qc5 (9... Bc5 $2 10. Qxg7 Bf2+ 11. Kd1 $18) 10. Nb5 Qxd4 11. Nxd4 Bc5
12. c3 e5 13. fxe5 Nxe5 14. Bf4 d6 15. Nb5 Ke7 16. O-O-O $14) (7... d6 8. Be2 (
8. g4 $5 Nxd4 9. Qxd4 Nxg4 10. Bg1 $44) 8... a6 9. O-O Be7 {Geht in die
Hauptvariante des Scheveninger Systems über.}) 8. Ndb5 (8. Qd3 d5 9. Ndb5 Qa5
$13) 8... Qa5 9. e5 a6 (9... Ne4 10. Qd3 Nxc3 11. Nxc3 (11. bxc3 $5 Be7 12. g3
a6 13. Nd6+ Bxd6 14. exd6 b5 15. Bg2 $14 {Inarkiev - Khalifman (Khanty
Mansyisk, 2005)}) 11... Bxc3+ 12. bxc3 b6 13. Be2 Bb7 14. O-O Ne7 15. c4 Nf5
16. Bf2 h5 $132 {Womacka - Akesson (Bad Wiessee 2005)}) 10. Nd6+ Bxd6 11. Qxd6
Ne4 (11... Nd5 12. Bd2 $16 {Hier hat Schwarz den schwarzfeldrigen Läufer für
nichts gegeben.}) 12. Qd3 Nxc3 13. Bd2 $5 $146 (13. bxc3 O-O (13... b5 14. Be2
Qc7 15. O-O Bb7 16. a4 Ne7 17. axb5 axb5 18. Rxa8+ Bxa8 19. Qxb5 $16) 14. Be2
f6 15. exf6 Rxf6 16. O-O b5 $132) (13. Qxc3 {Damentausch scheint mir unlogisch
zu sein. Mit den Damen auf dem Brett sind die Chancen von Weiß größer,
gefährliche Initiative zu entwickeln.} Qxc3+ 14. bxc3 f6 15. exf6 gxf6 $132 {
Karjakin - Volokitin (Merida, 2005)}) 13... Nxe5 14. Qd4 Ng6 (14... Qa4 15.
Bxc3 Qxd4 16. Bxd4 Ng6 17. Bxg7 Rg8 18. Bh6 $14) (14... Qd5 15. Bxc3 Qxd4 16.
Bxd4 Ng6 17. Bxg7 Rg8 18. Bh6 $14) 15. Bxc3 $1 {Die Zugfolge hat zielt darauf
ab, der schwarzen Dame das Feld d5 zu versperren.} (15. Qxg7 $5 Qd5 $1 (15...
Qf5 16. Qxc3 $16) 16. Qxc3 Rg8 $13) 15... Qf5 16. Qxg7 (16. g3 $5 f6 17. O-O-O
d5 18. Bd3 Qh5 19. Qc5 $16 {Ich glaube nicht, dass Schwarz hier eine
Überlebenschance hat.}) 16... Qxf4 ({Falls} 16... Qe4+ {so folgt} 17. Be2 (17.
Kd1 Qxf4 {Ist auf jedem Fall besser als 16....Qf4.}) 17... Qxg2 18. O-O-O $3
Qxe2 (18... Rf8 19. f5 Nf4 20. Bg4 $18) 19. f5 Rf8 (19... exf5 20. Rhe1 $18)
20. fxg6 hxg6 21. Bb4 $18) 17. Be2 Rf8 18. Rf1 (18. Qxh7 e5 19. Rf1 Qe4 {
Führt nur zur Zugumstellung.}) 18... Qe4 19. Qxh7 e5 20. O-O-O $16 {Weiß hat
enorme Initiative und einen riesen Entwicklungsvorsprung. Und das nur für
einen Bauer! Man kann sicher sagen, dass die Stellung von Schwarz chancenlos
verloren ist.} Qxe2 21. Rfe1 Qb5 22. Bxe5 Nxe5 23. Qh5 d6 24. Rxd6 Ke7 25. a4
Qc4 26. Qxe5+ Be6 27. b3 Qc8 28. Re3 Rg8 29. Rc3 Qxc3 30. Rxe6+ fxe6 31. Qxc3
Rxg2 32. Qb4+ Kf6 33. Qxb7 Rgg8 34. a5 e5 35. Qf3+ Ke6 36. h4 Rgf8 37. Qg4+ Kd6
38. h5 Rae8 39. Qb4+ Ke6 40. Qc4+ Kf5 41. Qxa6 e4 42. Qg6+ Kf4 43. Kd2 Kf3 44.
Ke1 e3 45. a6 e2 46. a7 Ke3 47. Qg1+ Kf4 48. b4 Rf5 49. Qf2+ Kg5 50. a8=Q Rxa8
51. Qg2+ 1-0

[Event "World Cup"]
[Site "Khanty-Mansiysk"]
[Date "2009.11.21"]
[Round "1.1"]
[White "Yu, Yangyi"]
[Black "Movsesian, Sergei"]
[Result "1-0"]
[WhiteElo "2527"]
[BlackElo "2718"]
[Annotator "Kritz,L"]
[PlyCount "97"]
[EventDate "2009.11.21"]
[EventType "k.o."]
[EventRounds "7"]
[EventCountry "RUS"]
[SourceTitle "CBM 134"]
[Source "ChessBase"]
[SourceDate "2010.01.18"]
[SourceVersion "1"]
[SourceVersionDate "2010.01.18"]
[SourceQuality "1"]

1. e4 c5 2. Nf3 e6 3. d4 cxd4 4. Nxd4 Nc6 5. Nc3 Qc7 6. Be3 a6 7. Qd2 (7. Bd3
Nf6 8. O-O Nxd4 $1 {Dies ist der am dritthäufigsten gespielte Zug, aber,
meiner Meinung nach der beste.} 9. Bxd4 Bc5 10. Bxc5 Qxc5 11. Kh1 (11. Na4 Qc7
12. c4 d6 13. Nc3 b6 $132 {Ein Igel, bei dem 2 Leichtfiguren getauscht sind,
gilt normalerweise als gut für Weiß, doch aufgrund des schlechten weißen
Läufers hat Schwarz genügend Gegenspiel.}) 11... e5 12. f4 d6 $132 {Schwarz
hat keine Schwierigkeiten, der weiße Läufer auf d3 kommt kaum ins Spiel.}) (7.
Be2 {ist die alte Hauptvariante, die zuletzt wegen dem Plan mit der langen
Rochade etwas in den Schatten geraten ist. Trotzdem empfehlenswert!} Nf6 8. O-O
Bb4 $132 {Dies führt zu komplexen Stellungen mit interessantem Spiel und
Chancen für beide Seiten.} 9. Na4 $1 {Hier fängt erst die Theorie an, die
entstehenden Stellungen sind sehr interessant und gut spielbar für beide
Seiten.}) (7. g3 {Eine eher seltene Fortsetzung.} Nf6 8. Bg2 Bb4 (8... Bc5 $2
9. Nxe6 $1 $18) 9. O-O Ne5 (9... Bxc3 10. bxc3 Ne5 11. Bf4 d6 $132) 10. Nde2
O-O 11. a3 Be7 12. h3 d6 $132) 7... Nf6 8. O-O-O Be7 $5 (8... b5 {ist eine
Alternative, die allerdings keinen guten Ruf hat, und das zurecht.} 9. Bf4 Qb6
({Hübsch ist die Widerlegung von} 9... e5 10. Nxc6 exf4 (10... dxc6 $2 11. Bxe5
$18) 11. e5 $1 {Nur so! Sonst bekommt Schwarz gutes Spiel:} (11. Nd4 Bb4 12. f3
O-O 13. Nde2 d5 $1 14. exd5 Bd6 $44) 11... dxc6 12. exf6 Be6 13. Ne4 Bd5 14. c4
$3 Bxe4 (14... bxc4 15. Bxc4 Bxc4 16. Qc3 $1 g6 17. Qxc4 $18) 15. Qd4 gxf6 (
15... Bg6 16. Re1+ $18) 16. Qxe4+ Be7 17. g3 $16) 10. Nxc6 (10. Nb3 $5 Ng4 11.
h3 Nge5 (11... Nxf2 12. Be3 $18) 12. Kb1 d6 13. Be3 Qb7 14. Ka1 $1 {Wichtige
Prophylaxe!} (14. f4 Nc4 15. Bxc4 bxc4 16. Nd4 Rb8 $132) 14... Rb8 15. Nd4 Bd7
(15... Nc4 16. Bxc4 bxc4 17. Rb1 $1 $14 {Es ist wichtig, dass Weiß kein b3
spielt!}) 16. f4 Nc4 17. Bxc4 bxc4 18. Rb1 Be7 19. g4 O-O 20. Nde2 $14 {
Anand - Oral (Eppingen, 2005)}) 10... dxc6 11. Bd3 {Das ist wohl der sicherste
Weg, einen sehr stabilen und sicheren Vorteil zu erlangen.} (11. e5 {ist
aggressiver, aus praktischer Sicht aber nicht stärker} Nd5 12. Ne4 Ra7 13. h4
Rd7 14. Bg3 c5 15. h5 h6 16. Rh4 c4 17. Nd6+ Bxd6 18. exd6 O-O 19. Rg4 f5 20.
Qxh6 fxg4 21. Qxe6+ Rdf7 22. Qxd5 $36 {Shirov - Movsesian (Sarajevo, 2005)})
11... Be7 12. e5 Nd5 13. Nxd5 cxd5 14. Be3 Qc7 15. f4 b4 16. Rhf1 a5 17. f5 $14
{Navara - Movsesian (Prague, 2005)}) 9. f3 h5 {Eine relativ neue
Variantenentwicklung.} 10. Kb1 (10. Qf2 d6 11. h3 b5 12. Nxc6 Qxc6 13. Bd3 b4
14. Ne2 e5 15. g4 Be6 16. Kb1 hxg4 17. hxg4 $14 {Vachier Lagrave - Macieja 
(Solingen, 2008)}) (10. Nxc6 $5 {Eine sehr interessante Idee! Vielleicht der
beste Weg zu spielen, der bis jetzt gezeigt wurde.} bxc6 11. h3 h4 12. Bf4 e5
13. Bg5 Rb8 14. Bc4 $14 {Cheparinov - Cramling (Zafra, 2009). Normalerweise
sind solche Stellungen gut für Schwarz, aber hier hat er Schwierigkeiten, weil
er nicht rochieren kann.}) 10... b5 11. Qf2 d6 12. h3 (12. Nxc6 $5 Qxc6 13. Bd3
b4 14. Ne2 e5 15. h3 h4 16. c3 $5 {Diese Idee wird oft vergessen. Weiß öffnet
den Damenflügel, um seinen Entwicklungsvorsprung auszunutzen.} bxc3 17. Nxc3
Be6 18. Rc1 Qb7 19. Rc2 O-O 20. Bg5 $14) 12... Bb7 {Solange der weiße Läufer
auf f1 steht und g4 nicht möglich ist, braucht sich Schwarz nicht zu beeilen,
h4 zu spielen.} 13. Bd3 h4 {Jetzt wollte Weiß schon g2-g4 ziehen.} (13... Nxd4
14. Bxd4 h4 15. Rhe1 e5 16. Be3 b4 17. Na4 $16) 14. Nxc6 Bxc6 15. Rhe1 $1 {
Die richtige Strategie in solchen Stellungen. Man muss sich zentralisieren und
langsam Druck aufbauen. Es ist eher Schwarz, der hier in Eile ist.} b4 (15...
Nd7 $5 16. Ne2 Bb7 17. Nf4 $5 Ne5 18. Bf1 $14) 16. Ne2 e5 {Um den Springer e2
in seiner Aktivität einzuschränken.} (16... O-O 17. Nd4 Bb7 18. g4 hxg3 19.
Qxg3 $40) 17. Bb6 Qb7 18. Nc1 Nd7 (18... a5 19. Nb3 Nd7 (19... a4 $2 20. Na5
Qc8 21. Nxc6 Qxc6 22. Be3 $16) 20. Nxa5 $1 Qxb6 $2 21. Qxb6 Nxb6 22. Nxc6 $18)
19. Ba5 {Weiß hat schwarze Versuche, den a-Bauern zu bewegen, neutralisiert.}
O-O 20. Bc4 $16 {Das ist gerade die Situation, die Schwarz nicht erlauben
sollte. Weiß bekommt die Kontrolle über das Zentrumsfeld d5 und steht mit
großem Vorteil da.} Rfc8 $6 (20... Nc5 $1 {Man sollte auf keinen Fall den
weißen Springer nach d3 ziehen lassen.} 21. Nd3 Nxd3 22. Rxd3 Rfc8 23. Qb6 Rab8
24. Qxb7 Bxb7 25. b3 Ba8 26. c3 $1 (26. Bd5 Rc5 27. Bxa8 Rxa5 $11) 26... bxc3
27. Kc2 $16) 21. Nd3 $1 {Nun geht der Bauer b4 verloren.} Ba4 (21... Bxe4 $2 {
Vielleicht hat Schwarz auf diesen Einschlag seine Hoffnung gelegt:} 22. Rxe4 d5
23. Nxe5 $1 Nxe5 (23... dxe4 24. Bxf7+ Kf8 25. fxe4 $18) 24. Bxd5 $18) 22. Bb3
$1 (22. Bd5 $2 Qb5 23. b3 (23. Bxa8 Bxc2+ 24. Qxc2 Rxc2 25. Kxc2 Qxa5 $19)
23... Qxa5 24. Bxa8 Rxa8 25. bxa4 Qxa4 $44 {Schwarz hat eine super
Kompensation.}) 22... Bxb3 (22... Qb5 23. Bxa4 Qxa4 24. Bxb4 $16) 23. axb3 Qb5
24. Bxb4 a5 25. Ba3 a4 26. Nb4 $1 {Gut gespielt! Der Springer muss nach d5
überführt werden. Springer und Läufer von Schwarz nehmen am Angriff nicht teil,
daher hat Weiß genug Verteidigungspotential.} axb3 27. cxb3 Nc5 (27... d5 28.
Rxd5 Qb7 29. Qd2 $16 {Der Läufer a3 verteidigt seinen König wie ein dritter
Bauer.}) 28. Nd5 Bg5 29. b4 {Weiß verteidigt sich sehr kaltblütig.} Ne6 (29...
Nb3 30. Qe2 (30. Nb6 Nd2+ 31. Rxd2 Bxd2 32. Rd1 Qd3+ 33. Ka1 Rxa3+ $19) 30...
Qb7 31. f4 $1 Bd8 (31... Bxf4 32. Qd3 Nd4 33. Nxf4 $18) 32. Qd3 Nd4 33. Rc1 $16
) 30. Nb6 Rxa3 31. bxa3 {Schwarz hat zu viel Material geopfert, ihm bleiben
nicht mehr so viele Figuren, um Weiß Matt zu setzen.} Rc3 32. Qb2 (32. Kb2 $5 {
wäre noch stärker.} Rc6 33. Nd5 Qa4 34. Qe2 Nd4 35. Rxd4 exd4 36. f4 $18) 32...
Rd3 33. Nd5 Nd4 34. a4 $6 {Es ist sehr schwer, sich in so einer Stellung zu
verteidigen, sogar wenn sie gewonnen ist. Weiß konnte Schwarz zum Damentausch
zwingen und damit den Punkt sofort sichern.} (34. Nc7 $1 {gewinnt forciert:}
Qc4 35. Rc1 $1 Bxc1 36. Rxc1 {Schwarz hat nur Qb3:} Qb3 37. Qxb3 Nxb3 38. Rc4
$18) 34... Qc4 35. Rc1 Qa6 $4 {Wieso Schwarz den Turm c1 nicht nimmt, ist ein
Rätsel! Den Läufer g5 braucht Schwarz doch sowieso nicht.} (35... Bxc1 36. Rxc1
Qa6 $44 {Die Stellung ist nun völlig unklar. Schwarz hat gute Kompensation für
nur einen Bauer.}) 36. Rc3 Rd2 {Man darf natürlich keine Figuren tauschen.} (
36... Rxc3 37. Qxc3 Qxa4 38. f4 $18) 37. Qa3 Ne2 38. Rc7 (38. Re3 $1 {gewann
leichter:} Bxe3 39. Qxe3 Rd3 40. b5 $1 Qa5 41. Qxe2 Rb3+ 42. Kc2 Qxa4 43. Nc3
$18) 38... Rd3 (38... Nd4 {wäre stärker gewesen.}) 39. b5 Qa5 40. Qxd3 Qxe1+
41. Ka2 $18 {Die Partie ist gewonnen. Weiß ist bereit, jeder Zeit den Turm für
den schwarzen Springer zu geben und das Endspiel ist elementar leicht zu
gewinnen.} Qf2 42. Rc2 Nc1+ 43. Ka3 Qg1 44. Qc3 Qd1 45. b6 Nd3 46. b7 Qb1 47.
Qxd3 Bc1+ 48. Rxc1 Qxd3+ 49. Nc3 1-0